| 000 | 00633nmc a2200253 a 4500 | ||
|---|---|---|---|
| 003 | AR-BaBNM | ||
| 005 | 20251128211726.0 | ||
| 008 | 036020s1999 ||||||||||||||000 | spa|| | ||
| 020 | _a950-24-0893-4 | ||
| 040 | _cAR-BaBNM | ||
| 100 | 1 | _aStone, Tom B. | |
| 245 | 1 | 0 | _aCocodrilo feroz |
| 260 |
_aBuenos Aires _bAlbatros _c1999 |
||
| 300 | 0 |
_a127 p. _bil. |
|
| 490 | 0 |
_aUltratumba _vv. 19 |
|
| 650 | 4 | _aCUENTOS DE TERROR | |
| 650 | 4 | _aLITERATURA INFANTIL | |
| 650 | 4 | _aLIBROS PARA NINOS | |
| 653 | 0 | _aLITERATURA JUVENIL | |
| 655 | _aLITERATURA | ||
| 700 | 1 |
_aSassone, Silvia _etraductor |
|
| 942 | _cBK | ||
| 998 | _cmartin | ||
| 999 |
_c20865 _d20865 |
||